LEADER 01211nam0 22002893i 450 001 MIL0137425 005 20231121125536.0 020 $aIT$b784456 100 $a20160725d1978 ||||0itac50 ba 101 | $aita 102 $ait 181 1$6z01$ai $bxxxe 182 1$6z01$an 200 1 $a˜La œliquidazione del compenso del curatore fallimentare e del commissario giudiziale nella procedure concorsuali$fGiovanni Lo Cascio 210 $aMilano$cA. Giuffrè$d1978 215 $a104 p.$d25 cm. 225 | $aQuaderni di Giurisprudenza commerciale$v13 410 0$1001CFI0005764$12001 $aQuaderni di Giurisprudenza commerciale$v13 700 1$aLo Cascio$b, Giovanni$3CFIV050989$4070$0112104 801 3$aIT$bIT-01$c20160725 850 $aIT-FR0098 899 $aBiblioteca Area Giuridico Economica$bFR0098 912 $aMIL0137425 950 0$aBiblioteca Area Giuridico Economica$d 53CAM 346.07/20.13$e 53VM 0000046215 VM barcode:0003964VM$fA $h19951108$i20121204 977 $a 53 996 $aLiquidazione del compenso del curatore fallimentare e del commissario giudiziale nella procedure concorsuali$93609586 997 $aUNICAS LEADER 00782nam0-2200277 --450 001 9910890296603321 005 20241014164230.0 010 $a88-8027-000-1 100 $a20241014d1993----kmuy0itay5050 ba 101 0 $aita 102 $aIT 105 $a 001yy 200 1 $aForme del tempo$fa cura di Laura Faranda e Luigi M. Lombardi Satriani 210 $aVibo Valentia$cMonteleone$dstampa 1993 215 $a264 p.$d24 cm 225 1 $aSaggi$v1 676 $a350$v23$zita 700 $aFaranda,$bLaura$0143971 701 $aLombardi Satriani,$bLuigi M.$02875 801 0$aIT$bUNINA$gREICAT$2UNIMARC 901 $aBK 912 $a9910890296603321 952 $aDAM C60 FARL 01$b2024/2918$fFLFBC 959 $aFLFBC 996 $aForme del tempo$94241036 997 $aUNINA